000 00400cam a22001217a 4500
008 180718b1963 xxu||||| |||| 00| 0 eng d
082 _aC41 Un3t
245 _aTeaching human rights: a handbook for teachers
_cby Office of Public Information, United Nations
250 _a2nd ed.
260 _aNew York
_bUnited Nations
_c1963
300 _a79+p.
700 _aUnited Nations. Office of Public Information
999 _c490454
_d490454